Statistiques concernant QCM géographie mondiale

Cliquez ici pour prendre le quiz!

Statistiques générales

  • Ce quiz a été pris 162 fois
  • Le résultat moyen est 8 sur 15

Statistiques - réponses

QuestionRéponse% Correct
Lequel de ces pays n'est pas situé au Moyen-Orient?le Brunei
87%
Lequel de ces pays n'est pas présent sur l'île de Bornéo ?la Papouasie Nouvelle-Guinée
68%
Quel est le pays le plus peuplé d'Afrique ?le Nigeria
68%
Quelle mer intérieure est la mer la plus basse du monde ?mer morte
68%
Quelle est la capitale la plus haute du monde ?La Paz (Bolivie)
66%
Quel est le pays avec le plus de musulmans ?l'Indonésie
66%
Dans quel pays se situe le mont Kilimandjaro ?Tanzanie
66%
Parmi ces pays, lequel n'a aucun cours d'eau sur son territoire ?Arabie Saoudite
54%
quel est le pays le moins densément peuplé au monde ?Mongolie
52%
Quelle est la plus grande île de Méditerranée ?Sicile
52%
Dans Quel(s) pays se situe le point culminant de la terre (mont Everest)Chine et Nepal
50%
Combien y'a t-il de pays insulaires dans le monde ?47
46%
Quel est le deuxième plus long fleuve du continent Africain. (Le 1er est le Nil)le Congo
39%
Quels sont les 3 pays composant la Scandinavie ?Norvège - Suède - Danemark
27%
Quelle est l'altitude mondiale moyenne ?840m
19%

Distribution des résultats

Percentile par nombre de réponses

% des personnes avec chaque résultat

Votre développement - résultats

Vous n’avez pas pris ce quiz